Delay in Bribery Act buys time (Record no. 83004)
[ view plain ]
| 000 -LEADER | |
|---|---|
| fixed length control field | 00814cab a22001935a 4500 |
| 001 - CONTROL NUMBER | |
| control field | L152578 |
| 008 - FIXED-LENGTH DATA ELEMENTS--GENERAL INFORMATION | |
| fixed length control field | 110330e20110120xxk 000 0 eng d |
| 035 ## - SYSTEM CONTROL NUMBER | |
| System control number | (Sirsi) u152578 |
| 041 0# - LANGUAGE CODE | |
| Language code of text/sound track or separate title | eng |
| 100 1# - MAIN ENTRY--PERSONAL NAME | |
| Personal name | Glass, Julian |
| 245 00 - TITLE STATEMENT | |
| Title | Delay in Bribery Act buys time |
| Remainder of title | second postponement gives businesses another chance to introduce the necessary policies |
| 260 ## - PUBLICATION, DISTRIBUTION, ETC. | |
| Date of publication, distribution, etc. | 2011 |
| 490 ## - SERIES STATEMENT | |
| Series statement | Construction News |
| Volume/sequential designation | (7210) 24 March 2011, 38(1) |
| 520 ## - SUMMARY, ETC. | |
| Summary, etc. | The government recently announced that the implementation of the Bribery Act will be delayed for a second time; looks at the impact the Act will have and what companies can do now to help if they are investigated in the future. |
| 590 ## - LOCAL NOTE (RLIN) | |
| Local note | KA |
| 651 #4 - SUBJECT ADDED ENTRY--GEOGRAPHIC NAME | |
| Geographic name | United Kingdom |
| Chronological subdivision | |
| 690 ## - LOCAL SUBJECT ADDED ENTRY--TOPICAL TERM (OCLC, RLIN) | |
| Topical term or geographic name as entry element | MANAGEMENT-BUSINESS MANAGEMENT-PROFESSIONAL PRACTICE |
| 942 ## - ADDED ENTRY ELEMENTS (KOHA) | |
| Suppress in OPAC | 0 |
| Withdrawn status | Lost status | Source of classification or shelving scheme | Damaged status | Not for loan | Home library | Current library | Shelving location | Date acquired | Total Checkouts | Full call number | Barcode | Date last seen | Copy number | Price effective from | Koha item type |
|---|---|---|---|---|---|---|---|---|---|---|---|---|---|---|---|
| Dewey Decimal Classification | London | London | Journal article | 30/03/2011 | L152578 | 152578-1001 | 06/08/2019 | 1 | 06/08/2019 | Journal article |